[Event "IBCA Wch blind 12th"]
[Site "Belgrade"]
[Date "2010.09.01"]
[Round "6.16"]
[White "Spinu, Evgeny"]
[Black "Muri, Emil"]
[Result "1-0"]
[WhiteElo "2264"]
[BlackElo "2021"]
[PlyCount "56"]
[EventDate "2010.08.26"]
[EventType "swiss"]
[EventRounds "9"]
[EventCountry "SRB"]
[SourceTitle "EXT 2011"]
[Source "ChessBase"]
[SourceDate "2010.11.26"]
[SourceVersion "1"]
[SourceVersionDate "2010.11.26"]
[SourceQuality "1"]

1. e4 e5 2. Nf3 Nc6 3. d4 exd4 4. Nxd4 Bb4+ 5. c3 Bc5 6. Be3 Bb6 7. Nxc6 bxc6 8. Bxb6 axb6 9. Bd3 d6 10. 0-0 Ne7 11. Qc2 Ng6 12. Nd2 Nf4 13. Nf3 0-0 14. Kh1 Ra5 15. Rfe1 Nxd3 16. Qxd3 Rh5 17. Kg1 Qf6 18. Re3 Qh6 19. h3 c5 20. Nh2 Be6 21. c4 Qf6 22. Qe2 Rg5 23. Rf1 Rg6 24. b3 Qd8 25. f4 f5 26. e5 d5 27. cxd5 Bxd5 28. Nf3 h6 1-0

[Event "IBCA Wch blind 12th"]
[Site "Belgrade"]
[Date "2010.08.27"]
[Round "2.25"]
[White "Spinu, Evgeny"]
[Black "Jandric, Damjan"]
[Result "0-1"]
[WhiteElo "2264"]
[BlackElo "1879"]
[PlyCount "122"]
[EventDate "2010.08.26"]
[EventType "swiss"]
[EventRounds "9"]
[EventCountry "SRB"]
[SourceTitle "EXT 2011"]
[Source "ChessBase"]
[SourceDate "2010.11.26"]
[SourceVersion "1"]
[SourceVersionDate "2010.11.26"]
[SourceQuality "1"]

1. e4 c5 2. Nf3 d6 3. Bb5+ Bd7 4. Bxd7+ Nxd7 5. 0-0 Ngf6 6. Qe2 e6 7. c3 Be7 8. d4 cxd4 9. cxd4 d5 10. e5 Ne4 11. Nbd2 Nxd2 12. Bxd2 0-0 13. Rac1 Qb6 14. Rc2 Nb8 15. a3 Nc6 16. Bc3 Rac8 17. b4 a6 18. Bb2 Rc7 19. Rfc1 Rfc8 20. g3 Na7 21. Ne1 Nb5 22. Rxc7 Rxc7 23. Rxc7 Qxc7 24. Qc2 Qc4 25. Qxc4 dxc4 26. Nc2 Nc7 27. Ne3 b5 28. f4 Nd5 29. Nxd5 exd5 30. Kf2 g6 31. Kf3 f6 32. h4 Kf7 33. Bc3 Ke6 34. Bd2 Bd8 35. Kg4 h5+ 36. Kf3 Bb6 37. Bc3 Kf5 38. Bb2 fxe5 39. fxe5 Bd8 40. Bc1 Be7 41. Bd2 Bd8 42. Bc1 a5 43. Bd2 axb4 44. axb4 Be7 45. Bc3 g5 46. hxg5 Bxg5 47. Be1 Bh6 48. e6 Kxe6 49. g4 h4 50. Bc3 Bc1 51. Kg2 Kf6 52. Kh3 Kg5 53. Be1 Be3 54. Bc3 Kf4 55. Kxh4 Ke4 56. g5 Kd3 57. g6 Bh6 58. Ba1 c3 59. Kg4 Bg7 60. Kf5 Kxd4 61. Ke6 Kc4 0-1

[Event "IBCA Wch blind 12th"]
[Site "Belgrade"]
[Date "2010.08.26"]
[Round "1.12"]
[White "Altinok, Kerim Osman"]
[Black "Spinu, Evgeny"]
[Result "1/2-1/2"]
[WhiteElo "1890"]
[BlackElo "2264"]
[PlyCount "73"]
[EventDate "2010.08.26"]
[EventType "swiss"]
[EventRounds "9"]
[EventCountry "SRB"]
[SourceTitle "EXT 2011"]
[Source "ChessBase"]
[SourceDate "2010.11.26"]
[SourceVersion "1"]
[SourceVersionDate "2010.11.26"]
[SourceQuality "1"]

1. d4 d5 2. Nf3 Nf6 3. c4 e6 4. Nc3 Be7 5. Bg5 h6 6. Bh4 0-0 7. e3 b6 8. cxd5 Nxd5 9. Bxe7 Qxe7 10. Nxd5 exd5 11. Qa4 Be6 12. Be2 c5 13. Qa3 Nd7 14. 0-0 a6 15. Rac1 Rfc8 16. dxc5 bxc5 17. Nd4 Qd6 18. Rc3 Qb6 19. Rb3 Qa7 20. Nxe6 fxe6 21. e4 Nf6 22. exd5 exd5 23. Rd1 c4 24. Re3 Qc5 25. Qxc5 Rxc5 26. Bf3 Ra5 27. b3 cxb3 28. axb3 Rb8 29. Kf1 Ra3 30. Bxd5+ Nxd5 31. Rxd5 Rbxb3 32. Rd8+ Kh7 33. Ra8 Rb1+ 34. Re1 Rxe1+ 35. Kxe1 Ra2 36. Ra7 Kg6 37. g3 1/2-1/2

[Event "IBCA World Cup 6th"]
[Site "Calimanesti"]
[Date "2010.04.24"]
[Round "3.1"]
[White "Spinu, Evgeny"]
[Black "Desanjose Candalija, Eduardo"]
[Result "1/2-1/2"]
[WhiteElo "2267"]
[BlackElo "2274"]
[PlyCount "52"]
[EventDate "2010.04.21"]
[EventType "team-tourn"]
[EventRounds "7"]
[EventCountry "ROU"]
[SourceTitle "EXT 2011"]
[Source "ChessBase"]
[SourceDate "2010.11.26"]
[SourceVersion "1"]
[SourceVersionDate "2010.11.26"]
[SourceQuality "1"]
[WhiteTeam "Moldova (blind)"]
[BlackTeam "Spain (blind)"]
[WhiteTeamCountry "MDA"]
[BlackTeamCountry "ESP"]

1. e4 e5 2. Nf3 Nc6 3. d4 exd4 4. Nxd4 Bc5 5. Nxc6 Qf6 6. Qf3 bxc6 7. Nd2 d6 8. Bd3 Qxf3 9. Nxf3 Ne7 10. 0-0 0-0 11. c3 Bb6 12. h3 a5 13. Re1 Ng6 14. b3 Re8 15. Be3 Bxe3 16. Rxe3 Ba6 17. Rd1 Bxd3 18. Rdxd3 f6 19. g3 c5 20. h4 Rab8 21. c4 Kf7 22. Kg2 h5 23. Rd5 Ne5 24. Nxe5+ Rxe5 25. f4 Rxd5 26. exd5 f5 1/2-1/2

[Event "IBCA World Cup 6th"]
[Site "Calimanesti"]
[Date "2010.04.23"]
[Round "2.4"]
[White "Pribeanu, Mihai Dacian"]
[Black "Spinu, Evgeny"]
[Result "0-1"]
[WhiteElo "2213"]
[BlackElo "2267"]
[PlyCount "100"]
[EventDate "2010.04.21"]
[EventType "team-tourn"]
[EventRounds "7"]
[EventCountry "ROU"]
[SourceTitle "EXT 2011"]
[Source "ChessBase"]
[SourceDate "2010.11.26"]
[SourceVersion "1"]
[SourceVersionDate "2010.11.26"]
[SourceQuality "1"]
[WhiteTeam "Romania (blind)"]
[BlackTeam "Moldova (blind)"]
[WhiteTeamCountry "ROU"]
[BlackTeamCountry "MDA"]

1. e4 c5 2. Nf3 Nc6 3. d4 cxd4 4. Nxd4 Nf6 5. Nc3 d6 6. f3 e5 7. Nb3 Be7 8. Be3 0-0 9. Qd2 Be6 10. Nd5 Bxd5 11. exd5 Nb8 12. Be2 Nbd7 13. 0-0 a5 14. Rac1 a4 15. Na1 Qa5 16. Qxa5 Rxa5 17. c4 Nh5 18. Rfd1 Nf4 19. Bf1 Bg5 20. Rc3 h6 21. Nc2 Rc8 22. g3 Ng6 23. Bf2 Nc5 24. Na3 b6 25. Nb5 Be7 26. b4 axb3 27. axb3 Ra2 28. b4 Nd7 29. Bh3 Ngf8 30. c5 bxc5 31. bxc5 dxc5 32. f4 exf4 33. gxf4 Bf6 34. Rcc1 Rb8 35. Bf1 Ng6 36. Bg3 Rb2 37. Nd6 Bd4+ 38. Kh1 Ne7 39. f5 R8b3 40. Bc4 Rc3 41. Ra1 Nb6 42. Bf1 Nexd5 43. Ra7 Ne3 44. Re1 Rbc2 45. Bf4 Nbd5 46. Ra8+ Kh7 47. Nxf7 Nxf5 48. Rh8+ Kg6 49. Ne5+ Bxe5 50. Bxe5 Re3 0-1

[Event "IBCA-ol blind 13th"]
[Site "Heraklion"]
[Date "2008.10.27"]
[Round "8.1"]
[White "Pulvett Marin, Daniel Eduardo"]
[Black "Spinu, Evgeny"]
[Result "1-0"]
[WhiteElo "2207"]
[BlackElo "2298"]
[PlyCount "77"]
[EventDate "2008.10.19"]
[EventType "team-swiss"]
[EventRounds "9"]
[EventCountry "GRE"]
[SourceTitle "EXT 2010"]
[Source "ChessBase"]
[SourceDate "2010.11.25"]
[SourceVersion "1"]
[SourceVersionDate "2010.11.25"]
[SourceQuality "1"]
[WhiteTeam "Venezuela (blind)"]
[BlackTeam "Moldova (blind)"]
[WhiteTeamCountry "VEN"]
[BlackTeamCountry "MDA"]

1. e4 c5 2. Nf3 Nc6 3. d4 cxd4 4. Nxd4 Nf6 5. Nc3 d6 6. Bc4 e6 7. Bb3 Be7 8. Be3 0-0 9. 0-0 Qc7 10. f4 a6 11. Qf3 Nxd4 12. Bxd4 e5 13. fxe5 dxe5 14. Qg3 Bc5 15. Bxc5 Qxc5+ 16. Kh1 Kh8 17. Qg5 Ng4 18. h3 f6 19. Qh4 Nh6 20. Rad1 b5 21. Rd5 Qe7 22. Rfd1 Be6 23. Rxe5 g5 24. Qxh6 fxe5 25. Qxe6 Qxe6 26. Bxe6 Rf2 27. Rd7 Rxc2 28. Bf5 Rf8 29. Nd5 Kg8 30. Bxh7+ Kh8 31. Bf5 Kg8 32. Ne7+ Kf7 33. Ng6+ Ke8 34. Nxf8 Kxf8 35. Ra7 Rxb2 36. Rxa6 Re2 37. Rb6 Rb2 38. Be6 Kg7 39. Bd5 1-0

[Event "IBCA-ol blind 13th"]
[Site "Heraklion"]
[Date "2008.10.25"]
[Round "6.1"]
[White "Eros, Pal"]
[Black "Spinu, Evgeny"]
[Result "1/2-1/2"]
[WhiteElo "2071"]
[BlackElo "2298"]
[PlyCount "95"]
[EventDate "2008.10.19"]
[EventType "team-swiss"]
[EventRounds "9"]
[EventCountry "GRE"]
[SourceTitle "EXT 2010"]
[Source "ChessBase"]
[SourceDate "2010.11.25"]
[SourceVersion "1"]
[SourceVersionDate "2010.11.25"]
[SourceQuality "1"]
[WhiteTeam "Hungary (blind)"]
[BlackTeam "Moldova (blind)"]
[WhiteTeamCountry "HUN"]
[BlackTeamCountry "MDA"]

1. e4 c5 2. Nf3 Nc6 3. d4 cxd4 4. Nxd4 Qb6 5. Nb3 Nf6 6. Nc3 e6 7. Be3 Qc7 8. a3 Be7 9. Be2 0-0 10. 0-0 d6 11. f4 a6 12. Bf3 b5 13. Qe2 e5 14. f5 Bb7 15. Rad1 b4 16. Nd5 Nxd5 17. exd5 Nd4 18. Nxd4 exd4 19. Bxd4 bxa3 20. bxa3 Rfe8 21. Qd3 a5 22. Bh5 Bf6 23. Bxf6 gxf6 24. Qg3+ Kf8 25. Qh4 Qd8 26. Bf3 Kg7 27. Rd4 Rg8 28. Rb1 Bc8 29. Qh5 Qd7 30. Rh4 Qa7+ 31. Kh1 Qe3 32. Qxh7+ Kf8 33. Bh5 Ra7 34. Rh3 Rb7 35. Rd1 Qf2 36. Qh6+ Ke7 37. Qe3+ Qxe3 38. Rxe3+ Kf8 39. g4 Rc7 40. c3 Ba6 41. Kg2 Kg7 42. Rd4 Bc4 43. Kf3 Rgc8 44. Kf4 Bb3 45. Rdd3 Bc2 46. Rd2 Rxc3 47. Rd4 Rxe3 48. Kxe3 1/2-1/2

[Event "IBCA-ol blind 13th"]
[Site "Heraklion"]
[Date "2008.10.20"]
[Round "2.1"]
[White "Kocovski, Ivan"]
[Black "Spinu, Evgeny"]
[Result "1-0"]
[WhiteElo "2266"]
[BlackElo "2298"]
[PlyCount "93"]
[EventDate "2008.10.19"]
[EventType "team-swiss"]
[EventRounds "9"]
[EventCountry "GRE"]
[SourceTitle "EXT 2010"]
[Source "ChessBase"]
[SourceDate "2010.11.25"]
[SourceVersion "1"]
[SourceVersionDate "2010.11.25"]
[SourceQuality "1"]
[WhiteTeam "Macedonia (blind)"]
[BlackTeam "Moldova (blind)"]
[WhiteTeamCountry "MKD"]
[BlackTeamCountry "MDA"]

1. d4 d5 2. Nf3 Nf6 3. c4 e6 4. Nc3 Be7 5. Bg5 h6 6. Bh4 0-0 7. e3 Ne4 8. Bxe7 Qxe7 9. Qc2 Nxc3 10. Qxc3 c6 11. Bd3 dxc4 12. Bxc4 Nd7 13. 0-0 b6 14. b4 Bb7 15. Be2 Nf6 16. Qb2 Nd5 17. Rab1 b5 18. a4 bxa4 19. Rfc1 f6 20. Rc5 g5 21. Qa2 Nb6 22. Bd1 Ba6 23. Bxa4 Nxa4 24. Qxa4 Bb5 25. Qa3 Rfb8 26. Nd2 Rb6 27. Nb3 Rd8 28. Na5 Rd5 29. Rbc1 Rxc5 30. Rxc5 Qd7 31. Qc3 Ra6 32. h3 Kf7 33. e4 Kg6 34. g4 h5 35. gxh5+ Kxh5 36. f4 Qg7 37. Kh2 Kh6 38. fxg5+ fxg5 39. Qe3 Qc7+ 40. Re5 c5 41. Qxg5+ Kh7 42. dxc5 Be8 43. Qh4+ Kg7 44. Qg3+ Bg6 45. Rg5 Qxg3+ 46. Kxg3 Kf6 47. Rxg6+ 1-0

[Event "IBCA-ol blind 12th"]
[Site "La Pineda"]
[Date "2004.11.12"]
[Round "9.1"]
[White "Spinu, Evgeny"]
[Black "Kauzky, Hartmut"]
[Result "1/2-1/2"]
[WhiteElo "2307"]
[BlackElo "2042"]
[PlyCount "90"]
[EventDate "2004.11.03"]
[EventType "team-swiss"]
[EventRounds "9"]
[EventCountry "ESP"]
[SourceTitle "EXT 2010"]
[Source "ChessBase"]
[SourceDate "2010.11.25"]
[SourceVersion "1"]
[SourceVersionDate "2010.11.25"]
[SourceQuality "1"]
[WhiteTeam "Moldova (blind)"]
[BlackTeam "Austria (blind)"]
[WhiteTeamCountry "MDA"]
[BlackTeamCountry "AUT"]

1. e4 e6 2. d3 d5 3. Nd2 c5 4. Ngf3 Nc6 5. g3 Bd6 6. Bg2 Nge7 7. 0-0 Qc7 8. Nh4 f6 9. f4 Bd7 10. exd5 exd5 11. Bxd5 0-0-0 12. Bg2 g5 13. fxg5 fxg5 14. Nhf3 g4 15. Ng5 Ne5 16. Nde4 h6 17. Nf7 Nxf7 18. Rxf7 h5 19. Bg5 Nf5 20. Qd2 Rdf8 21. Rxf8+ Rxf8 22. Rf1 Rh8 23. Bf6 Rg8 24. c3 h4 25. Rxf5 Bxf5 26. Bxh4 Bxe4 27. Bxe4 Qf7 28. c4 Be5 29. Bd5 Qf5 30. Qe2 Re8 31. Be4 Qd7 32. Bg5 Bd4+ 33. Kg2 Rf8 34. Bf4 Re8 35. b3 b6 36. a4 Qg7 37. a5 bxa5 38. Qa2 Rxe4 39. dxe4 Qb7 40. Qc2 Qb4 41. h3 Qe1 42. hxg4 Qg1+ 43. Kh3 Qh1+ 44. Qh2 Qxe4 45. Qa2 Qh1+ 1/2-1/2

[Event "IBCA-ol blind 12th"]
[Site "La Pineda"]
[Date "2004.11.07"]
[Round "5.1"]
[White "Spinu, Evgeny"]
[Black "Novak, Ivan"]
[Result "1/2-1/2"]
[WhiteElo "2307"]
[BlackElo "2321"]
[PlyCount "60"]
[EventDate "2004.11.03"]
[EventType "team-swiss"]
[EventRounds "9"]
[EventCountry "ESP"]
[SourceTitle "EXT 2010"]
[Source "ChessBase"]
[SourceDate "2010.11.25"]
[SourceVersion "1"]
[SourceVersionDate "2010.11.25"]
[SourceQuality "1"]
[WhiteTeam "Moldova (blind)"]
[BlackTeam "Slovakia (blind)"]
[WhiteTeamCountry "MDA"]
[BlackTeamCountry "SVK"]

1. e4 Nc6 2. Bc4 Nf6 3. d3 d5 4. exd5 Nxd5 5. Nf3 Bg4 6. h3 Bh5 7. 0-0 e6 8. Re1 Be7 9. c3 0-0 10. d4 Bd6 11. Nbd2 h6 12. Ne4 Nf6 13. Bd3 Nxe4 14. Bxe4 Qd7 15. Qe2 Nd8 16. a4 c6 17. Ne5 Bxe5 18. Qxh5 Bc7 19. b4 Re8 20. f4 a5 21. Be3 axb4 22. cxb4 Bd6 23. b5 Rc8 24. g3 Bc7 25. Kf2 f5 26. bxc6 Nxc6 27. Bxc6 Qxc6 28. Rec1 Qd7 29. Qd1 b5 30. axb5 Qxb5 1/2-1/2